Normal view
MARC view
- ADAPTIVE ANTENNAS, ANTENNA RADIATION PATTERN
Entry Topical Term
001 - CONTROL NUMBER
- control field: 60997
003 - CONTROL NUMBER IDENTIFIER
- control field: NUST
005 - DATE AND TIME OF LATEST TRANSACTION
- control field: 20210628202652.0
008 - FIXED-LENGTH DATA ELEMENTS
- fixed length control field: 210628|| aca||aabn | a|a d
040 ## - CATALOGING SOURCE
- Original cataloging agency: NUST
- Transcribing agency: NUST
150 ## - HEADING--TOPICAL TERM
- Topical term or geographic name entry element: ADAPTIVE ANTENNAS, ANTENNA RADIATION PATTERN
670 ## - SOURCE DATA FOUND
- Source citation: Work cat.: (NUST): Li, Jian,Stoica, Petre,Jian Li 60996, Robust adaptive beamforming, 2006
